Advanced Organic Chemistry (Record no. 9005)

MARC details
000 -LEADER
fixed length control field 00436nam a22001697a 4500
003 - CONTROL NUMBER IDENTIFIER
control field OSt
008 - FIXED-LENGTH DATA ELEMENTS--GENERAL INFORMATION
fixed length control field 200715b ||||| |||| 00| 0 eng d
020 ## - INTERNATIONAL STANDARD BOOK NUMBER
International Standard Book Number 9789387025202
082 ## - DEWEY DECIMAL CLASSIFICATION NUMBER
Classification number 547 KAA
100 ## - MAIN ENTRY--PERSONAL NAME
Personal name KAR, Ashutosh
245 ## - TITLE STATEMENT
Title Advanced Organic Chemistry
250 ## - EDITION STATEMENT
Edition statement 2019
260 ## - PUBLICATION, DISTRIBUTION, ETC. (IMPRINT)
Place of publication, distribution, etc New Delhi
Name of publisher, distributor, etc Scientific Publishing Services Pvt Ltd
Date of publication, distribution, etc 2019
300 ## - PHYSICAL DESCRIPTION
Extent 770
650 ## - SUBJECT ADDED ENTRY--TOPICAL TERM
Topical term or geographic name as entry element Pharmaceutical Organic Chemistry
942 ## - ADDED ENTRY ELEMENTS (KOHA)
Source of classification or shelving scheme Dewey Decimal Classification
Koha item type Text Books
Holdings
Withdrawn status Lost status Source of classification or shelving scheme Damaged status Not for loan Collection code Home library Current library Date acquired Source of acquisition Currency Cost, normal purchase price Bill Number Total Checkouts Full call number Acc. no. / Barcode Date last seen Date last borrowed Actual Cost, discounted price Bill Date Koha item type
    Dewey Decimal Classification     B.Pharma PIET C-LIBRARY PIET C-LIBRARY 01/02/2020 Kirti Prakashan Indian Rup 695.00 IN6239 1 547 KAA BP652 30/04/2022 26/04/2022 486.50 01/02/2020 Text Books
    Dewey Decimal Classification     B.Pharma PIET C-LIBRARY PIET C-LIBRARY 01/02/2020 Kirti Prakashan Indian Rup 695.00 IN6239   547 KAA BP653 15/07/2020   486.50 01/02/2020 Text Books
    Dewey Decimal Classification     B.Pharma PIET C-LIBRARY PIET C-LIBRARY 12/10/2023 KIRTI PRAKSHAN RUPEES 750.00 IN-1041   547 KAA BP2137 16/10/2023   600.00 05/10/2023 Text Books
    Dewey Decimal Classification     B.Pharma PIET C-LIBRARY PIET C-LIBRARY 12/10/2023 KIRTI PRAKSHAN RUPEES 750.00 IN-1041   547 KAA BP2138 16/10/2023   600.00 05/10/2023 Text Books
    Dewey Decimal Classification     B.Pharma PIET C-LIBRARY PIET C-LIBRARY 12/10/2023 KIRTI PRAKSHAN RUPEES 750.00 IN-1041   547 KAA BP2139 16/10/2023   600.00 05/10/2023 Text Books
    Dewey Decimal Classification     B.Pharma PIET C-LIBRARY PIET C-LIBRARY 12/10/2023 KIRTI PRAKSHAN RUPEES 750.00 IN-1041   547 KAA BP2140 16/10/2023   600.00 05/10/2023 Text Books
    Dewey Decimal Classification     B.Pharma PIET C-LIBRARY PIET C-LIBRARY 12/10/2023 KIRTI PRAKSHAN RUPEES 750.00 IN-1041   547 KAA BP2141 16/10/2023   600.00 05/10/2023 Text Books

Design & Developed by: PIET Central Library
R70 Miles Stone Pattikalyana Samalkha Panipat 132102
mail ID :- [email protected], Phone No:- 0180-2569700 Ex.216